banner-ar

A GRAMMAR OF POLITICS / (Record no. 10359)

MARC details
000 -الفاتح
حقل البيانات ثابتة الطول 00338nam a2200133Ia 4500
008 - عناصر البيانات ثابتة الطول - معلومات عامة
حقل البيانات ثابتة الطول 140319s9999 xx 000 0 eng d
040 ## - مصدر الفهرسة
وكالة الفهرسة الأصلية GCL /
وكالة النسخ GCL
082 04 - رقم تصنيف ديوى العشرى
رقم التصنيف 320
رقم المادة L G
100 1# - المدخل الرئيسى - إسم شخصى
الإسم الشخصى LASKI, HAROLD
245 10 - بيان العنوان
العنوان A GRAMMAR OF POLITICS /
بيان المسئوليه,etc LASKI, HAROLD
260 ## - PUBLICATION, DISTRIBUTION, ETC. (IMPRINT)
تاريخ النشر أو التوزيع 1967
300 ## - الوصف المادى
التعداد 672 P
260 ## - PUBLICATION, DISTRIBUTION, ETC. (IMPRINT)
-- [S.N] :
-- CHAND AND COMPAY ،
Holdings
حالة التراجع حالة الفقد حالة تلف ليس للاعارة المكان المؤقت الموقع الحالى تاريخ الاكتساب اجمالي اﻻعارات رقم الطلب الباركود تاريخ اخر مشاهدة تاريخ تفعيل السعر نوع وعاء كوها
        مكتبة القاهرة الكبرى مكتبة القاهرة الكبرى 03/26/2014   320\L G 21051 03/26/2014 03/26/2014 كتاب

Powered By

EGPV